[Event "Agneaux St Lo U16 op 21th"]
[Site "Agneaux"]
[Date "2019.07.09"]
[Round "4.1"]
[White "Yapi, Mathis Seka"]
[Black "Lefebvre, Matthieu"]
[Result "0-1"]
[WhiteElo "1656"]
[BlackElo "1721"]
[PlyCount "106"]
[EventDate "2019.07.06"]
[EventType "swiss"]
[EventRounds "9"]
[EventCountry "FRA"]
[SourceTitle "EXT 2020"]
[Source "ChessBase"]
[SourceDate "2019.10.17"]
[SourceVersion "1"]
[SourceVersionDate "2019.10.17"]
[SourceQuality "1"]

1. e4 e6 2. d4 d5 3. e5 c5 4. c3 Nc6 5. Nf3 Bd7 6. a3 f6 7. Bd3 c4 8. Bc2 fxe5 9. Nxe5 Nxe5 10. dxe5 Qh4 11. Be3 Ne7 12. 0-0 Nc6 13. g3 Qe7 14. f4 g6 15. Nd2 Bh6 16. Qg4 Nxe5 17. Qe2 Nc6 18. Bd4 Nxd4 19. cxd4 Bg7 20. Nf3 0-0 21. b3 b5 22. Rfe1 Qd6 23. Ne5 Bxe5 24. fxe5 Qb6 25. Qg4 Rf7 26. Rf1 Raf8 27. Bxg6 hxg6 28. Qxg6+ Rg7 29. Rxf8+ Kxf8 30. Rf1+ Kg8 31. Qf6 Qxd4+ 32. Kh1 Qe4+ 33. Kg1 Qe3+ 34. Kg2 Qg5 35. Qf8+ Kh7 36. bxc4 dxc4 37. Rf4 Qe7 38. Qb8 Qe8 39. Qd6 Bc6+ 40. Kh3 Kg8 41. g4 Bd5 42. Qc5 Qg6 43. Qf8+ Kh7 44. Qd8 Qg5 45. Qf8 Qxe5 46. Rf6 Qe3+ 47. Kh4 Qg5+ 48. Kg3 Qxg4+ 49. Kf2 Qd4+ 50. Ke1 Qe3+ 51. Kd1 Rg1+ 52. Rf1 Rxf1+ 53. Qxf1 Qd3+ 0-1